000 01222nam a2200241 a 4500
005 20160802154349.0
008 140317t2002 -cn|||||r|||| 00| 0 eng d
020 _a9280722549
040 _aCO-BoIAVH
_cCO-BoIAVH
041 0 _aeng
044 _acn
082 0 4 _a333.9515
_bC76a
111 2 _aConference of the Parties to the Convention on Biological Diversity
_n(6th :
_d7-9 de abril de 2002 :
_cLa haya, Holanda)
245 1 0 _aAction for a sustainable future :
_bdecisions from the sixth Meeting of the Conference of the Parties to the Convention on Biological Diversity
260 _aMontreal, Canadá :
_bSecretariat Convention on Biological Diversity,
_c2002.
300 _a343 páginas ;
_c21 x 14 cm.
611 2 _aConference of the Parties to the Convention on Biological Diversity
_d7-9 de abril de 2002 :
_cLa haya, Holanda)
650 2 6 _aConservación de la diversidad biológica
_xPolíticas
_vCongresos, conferencias, etc.
650 2 6 _aBiodiversidad
_xPolíticas
_vCongresos, conferencias, etc.
650 2 6 _aVigilancia ambiental
_xPolíticas
_vCongresos, conferencias, etc.
710 2 _aSecretariat of the Convention on Biological Diversity
942 _cLIBRO
_2ddc
999 _c4603
_d4603